Rosa Juventus FC 2024-2025 - Statistics

Statistiche generali
  • Questo quiz è stato fatto 687 volte
    94 dall'ultimo reset
  • Il punteggio medio è 25 su 31
Statistiche sulle risposte
Ruolo N° Maglia Nazionalità Calciatore % Corretto
D 3 i Gleison Bremer
98%
P 1 i Mattia Perin
98%
P 29 i Michele Di Gregorio
96%
P 23 i Carlo Pinsoglio
93%
A 9 i Dušan Vlahović
93%
A 10 i Kenan Yıldız
93%
C 5 i Manuel Locatelli
93%
C 16 i Weston McKennie
93%
C 19 i Khéphren Thuram
90%
D 6 acquistato Lloyd Kelly
90%
A 14 i Arkadiusz Milik
88%
D 4 i Federico Gatti
88%
Allenatore - i Thiago Motta
88%
A 7 i Francisco Conceição
86%
D 15 i Pierre Kalulu
86%
D 32 i Juan David Cabal
85%
C 8 i Teun Koopmeiners
85%
D 27 i Andrea Cambiaso
84%
C 17 i Vasilije Adžić
83%
C 18 riaggregato Filip Kostić
81%
D 6 i Luiz Da Silva Danilo
81%
C 26 i Douglas Luiz
72%
A 22 i Timothy Weah
68%
D 24 riaggregato Daniele Rugani
67%
C 21 ceduto Nicolò Fagioli
63%
A 51 i Samuel Mbangula Tshifunda
60%
A 20 acquistato Randal Kolo Muani
59%
A 11 i Nicolás Iván González
53%
D 2 acquistato Alberto Costa
48%
D 12 acq - ced (primavera) Renato Veiga
48%
C 18 ceduto Melo Arthur
42%
Nessun quiz corrispondente trovato
Distribuzione punteggi
Percentuale di utenti per punteggio
Percentile per numero di risposta
I tuoi punteggi nel tempo
Non hai fatto questo quiz dall'ultimo reset